Financial Statement: (Record no. 183684)

MARC details
000 -LEADER
fixed length control field 00580nam a22001817a 4500
005 - DATE AND TIME OF LATEST TRANSACTION
control field 20211231104033.0
010 ## - LCCN (DPL NO)
LC control number ENG-130832
020 ## - INTERNATIONAL STANDARD BOOK NUMBER
International Standard Book Number 978-93-90185-86-3
Terms of availability 845.00
035 ## - SYSTEM CONTROL NUMBER
System control number EN-114364
037 ## - SOURCE OF ACQUISITION
Source of stock number/acquisition DBAD
082 ## - DEWEY DECIMAL CLASSIFICATION NUMBER
Classification number 657.3
100 ## - MAIN ENTRY--PERSONAL NAME
Personal name Subramanyam, K.R.
245 ## - TITLE STATEMENT
Title Financial Statement:
Statement of responsibility, etc K.R. Subramanayam
Remainder of title Analysis/
260 ## - PUBLICATION, DISTRIBUTION, ETC. (IMPRINT)
Place of publication, distribution, etc Chennai
Name of publisher, distributor, etc McGraw Hill Education Private Limited
Date of publication, distribution, etc 2017
270 ## - ADDRESS
Address 444/1, Sri Ekambara Naicker Industrial Estate, Alapakkam, Porur
City Chennai
Postal code 600116
300 ## - PHYSICAL DESCRIPTION
Extent 824p
Dimensions 27cm(pbk)
942 ## - ADDED ENTRY ELEMENTS (KOHA)
Source of classification or shelving scheme Dewey Decimal Classification
Item type English Books
Classification part 657.3
Call number suffix SUB
Holdings
Withdrawn status Lost status Not for loan Collection code Home library Current library Date acquired Source of acquisition Cost, normal purchase price Full call number Barcode Copy number Cost, replacement price Koha item type
      Non-fiction Central Library Central Library 31/12/2021 DBAD/PUB 845.00 657.3 SUB EN-114364 1 845.00 English Books

© Delhi Public Library
Hit Counter
free hit counter